000 00265nam a22001097a 4500
082 _a340
100 _aGarg,Sandeep
245 _aThe Indian Penal Code,1860 (Act 45 of 1860)
260 _aDelhi
_bCommercial Law Publishers
_c2025
650 _aLaw
942 _cC. BOOKS
999 _c68246
_d68246